| 000 | 01575nam a2200205Ia 4500 | ||
|---|---|---|---|
| 003 | Ost | ||
| 005 | 20260507075608.0 | ||
| 008 | 260507s9999||||xx |||||||||||||| ||und|| | ||
| 020 | _a9789777333146 | ||
| 040 | _cfsecg | ||
| 041 | _aara | ||
| 082 | _a332.152 | ||
| 100 |
_aإسماعيل، علي سيد _eمؤلف |
||
| 245 | 0 |
_aالدروس المستفادة من تجارب الإصلاح الإقتصادي المعتمدة على صندوق النقد الدولي المفاهيم - النتائج - الدروس / _c علي سيد إسماعيل |
|
| 260 |
_aالإسكندرية: _bدار التعليم الجامعي, _c2020 |
||
| 300 |
_a124 صفحة؛ _bإيضاحات ؛ _c24 سم |
||
| 504 | _aالببليوغرافيا ص.107 | ||
| 520 | _aتناول هذا الكتاب تجارب الإصلاح الاقتصادي المعتمدة على صندوق النقد الدولي حيث تحدث من خلال فصول دراسته عن مفهوم الإصلاح الاقتصادي من منظور المؤسسات المالية الدولية والاقتصاد الاسلامي وأنواعه، بالاضافة الى الأصل التاريخي للإصلاح الاقتصادي وسماته وأهدافه في الدول النامية ، وموجبات هذا الاصلاح واولوياته ومتطلباته، مع استراتيجية التحول التدريجي الناجح، وفي الأخير الدروس المستفادة من تجارب الاصلاح المعتمدة على صندوق النقد الدولي. | ||
| 942 | _cكتاب | ||
| 999 |
_c45053 _d45053 |
||